The empire of the Tetrarchs: imperial pronouncements and government AD 284-324.
Zapisane w:
| 1. autor: | |
|---|---|
| Format: | Książka |
| Język: | angielski |
| Wydane: |
Oxford, England, United Kingdom
Clarendon Press
2000
|
| Seria: | Oxford Classical Monographs
|
| Hasła przedmiotowe: | |
| Etykiety: |
Dodaj etykietę
Nie ma etykietki, Dołącz pierwszą etykiete!
|
MARC
| LEADER | 00000cam a2200000 a 4500 | ||
|---|---|---|---|
| 001 | UCC1154 | ||
| 003 | CL-VaPUC | ||
| 005 | 20241014131100.0 | ||
| 008 | 171006e20000000uk |||||||||||||||||eng|d | ||
| 999 | |c 369728 |d 369726 | ||
| 020 | |a 019815304X | ||
| 040 | |c Pontificia Universidad Católica de Valparaíso | ||
| 082 | 0 | 4 | |a 937.08 COR 2000 |2 21 |
| 100 | 0 | |a Corcoran, Simon |9 595198 | |
| 245 | 1 | 4 | |a The empire of the Tetrarchs: imperial pronouncements and government AD 284-324. |
| 260 | 0 | 3 | |a Oxford, England, United Kingdom |b Clarendon Press |c 2000 |
| 300 | |a 421 páginas. | ||
| 490 | 0 | |a Oxford Classical Monographs | |
| 583 | |a last modification |c 20171006 11:09:00 |k Rodrigo Vera | ||
| 650 | 0 | |a Imperio Romano |9 322785 | |
| 650 | 0 | |a Civilizaciones antiguas |9 265998 | |
| 650 | 0 | |a Absolutismo |9 257456 | |
| 942 | |c BK |2 ddc | ||
| 945 | |d 20171006 11:09:00 |a dcastane | ||
| 952 | |0 0 |1 0 |2 ddc |3 erb |4 0 |6 937_080000000000000_COR_2000 |7 0 |8 DER_ROM |9 485712 |a BIBDER |b BIBDER |i 5426987 |l 1 |o 937.08 COR 2000 |p 5426987 |r 2023-01-25 |s 2020-03-19 |t 1 |w 2019-11-24 |x Ubicación 4to piso |y BK |z Este recurso debe solicitarse con anticipación |k DER | ||